<?xml version="1.0" encoding="UTF-8"?>
<record
    xmlns:xsi="http://www.w3.org/2001/XMLSchema-instance"
    xsi:schemaLocation="http://www.loc.gov/MARC21/slim http://www.loc.gov/standards/marcxml/schema/MARC21slim.xsd"
    xmlns="http://www.loc.gov/MARC21/slim">

  <leader>01440cam a2200289 a 4500</leader>
  <controlfield tag="001">174831</controlfield>
  <controlfield tag="005">20220326193305.0</controlfield>
  <controlfield tag="008">980908s1998    sp a     b    001 0 spa  </controlfield>
  <datafield tag="010" ind1=" " ind2=" ">
    <subfield code="a">   98192866 </subfield>
  </datafield>
  <datafield tag="020" ind1=" " ind2=" ">
    <subfield code="a">8477749256</subfield>
  </datafield>
  <datafield tag="035" ind1=" " ind2=" ">
    <subfield code="a">(DLC)   98192866</subfield>
  </datafield>
  <datafield tag="040" ind1=" " ind2=" ">
    <subfield code="a">DLC</subfield>
    <subfield code="c">DLC</subfield>
    <subfield code="d">DLC</subfield>
  </datafield>
  <datafield tag="082" ind1="0" ind2="0">
    <subfield code="a">111.85</subfield>
    <subfield code="b">J61n</subfield>
  </datafield>
  <datafield tag="100" ind1=" " ind2=" ">
    <subfield code="a">Jos&#xE9; Jimenez  et all  (editor)</subfield>
    <subfield code="9">1661</subfield>
  </datafield>
  <datafield tag="245" ind1="0" ind2="3">
    <subfield code="a">El nuevo espectador /</subfield>
    <subfield code="c">Jim&#xE9;nez, Jos&#xE9;, editor ; Buchloh, Benjamin ... [et al.].</subfield>
  </datafield>
  <datafield tag="260" ind1=" " ind2=" ">
    <subfield code="a">Madrid :</subfield>
    <subfield code="b">Fundaci&#xF3;n Argentaria :</subfield>
    <subfield code="b">UA Ediciones :</subfield>
    <subfield code="b">Visor,</subfield>
    <subfield code="c">1998.</subfield>
  </datafield>
  <datafield tag="300" ind1=" " ind2=" ">
    <subfield code="a">128 p. :</subfield>
    <subfield code="b">ill. ;</subfield>
    <subfield code="c">24 cm.</subfield>
  </datafield>
  <datafield tag="440" ind1=" " ind2="0">
    <subfield code="a">Colecci&#xF3;n Debates sobre arte ;</subfield>
    <subfield code="v">5</subfield>
    <subfield code="9">1662</subfield>
  </datafield>
  <datafield tag="504" ind1=" " ind2=" ">
    <subfield code="a">Includes bibliographical references and indexes.</subfield>
  </datafield>
  <datafield tag="505" ind1=" " ind2=" ">
    <subfield code="t">Mas all&#xE1; de la contemplaci&#xF3;n est&#xE9;tica </subfield>
    <subfield code="r">Jos&#xE9; Jim&#xE9;nez</subfield>
    <subfield code="t">La moral problematica de lo estetico </subfield>
    <subfield code="r">Hans Robert Jauss</subfield>
    <subfield code="t">Pidgin. Anotaciones sobre el escenario contempor&#xE1;neo  de la est&#xE9;tica </subfield>
    <subfield code="r">Fieter Buchloh</subfield>
    <subfield code="t">Modelos de interacci&#xF3;n: cine y v&#xED;deo en nueva era de los medios de comunicaci&#xF3;n. </subfield>
    <subfield code="r">John G. Hanhardt </subfield>
    <subfield code="t">Palabras Vac&#xED;as </subfield>
    <subfield code="r">Nacho Criado</subfield>
    <subfield code="t">El laberinto de la est&#xE9;tica </subfield>
    <subfield code="r">Eugenio Tr&#xED;as </subfield>
  </datafield>
  <datafield tag="650" ind1=" " ind2="0">
    <subfield code="a">Aesthetics.</subfield>
    <subfield code="9">1663</subfield>
  </datafield>
  <datafield tag="650" ind1=" " ind2="0">
    <subfield code="a">Arts</subfield>
    <subfield code="x">Philosophy.</subfield>
    <subfield code="9">1664</subfield>
  </datafield>
  <datafield tag="700" ind1="1" ind2=" ">
    <subfield code="a">Jim&#xE9;nez, Jos&#xE9;,</subfield>
    <subfield code="d">1951-</subfield>
    <subfield code="9">1665</subfield>
  </datafield>
  <datafield tag="700" ind1="1" ind2=" ">
    <subfield code="a">Buchloh, B. H. D.</subfield>
    <subfield code="9">1666</subfield>
  </datafield>
  <datafield tag="906" ind1=" " ind2=" ">
    <subfield code="a">7</subfield>
    <subfield code="b">cbc</subfield>
    <subfield code="c">orignew</subfield>
    <subfield code="d">3</subfield>
    <subfield code="e">ncip</subfield>
    <subfield code="f">19</subfield>
    <subfield code="g">y-gencatlg</subfield>
  </datafield>
  <datafield tag="999" ind1=" " ind2=" ">
    <subfield code="c">348</subfield>
    <subfield code="d">348</subfield>
  </datafield>
  <datafield tag="952" ind1=" " ind2=" ">
    <subfield code="0">0</subfield>
    <subfield code="1">0</subfield>
    <subfield code="2">ddc</subfield>
    <subfield code="4">0</subfield>
    <subfield code="7">0</subfield>
    <subfield code="a">LV</subfield>
    <subfield code="b">LV</subfield>
    <subfield code="c">Pensamiento</subfield>
    <subfield code="d">2014-11-20</subfield>
    <subfield code="l">0</subfield>
    <subfield code="o">111.85 J61n</subfield>
    <subfield code="p">000281</subfield>
    <subfield code="r">2014-11-20 00:00:00</subfield>
    <subfield code="w">2014-11-20</subfield>
    <subfield code="y">01</subfield>
  </datafield>
</record>
